| 000 | 00780nam a2200241 a 4500 | ||
|---|---|---|---|
| 001 | BRCA_8169 | ||
| 005 | 20190320210148.0 | ||
| 008 | 070514c1960----fr-a###f##---#000-0#fre-# | ||
| 041 | _afre | ||
| 044 | _afr | ||
| 050 | 4 |
_aN8650 _b.A44 _c1960 |
|
| 245 | 1 | 0 |
_aAllo Paris Digest _bl´hebdomadaire du parisien _cDirector Jacques Chabannes. |
| 260 |
_aParis _bL´Hotel Claridge _c1960 |
||
| 300 |
_a33 p. _bil. _c23 cm. |
||
| 440 | 0 |
_aAllo Paris Digest _n166 _920363 |
|
| 500 | _aX71 | ||
| 500 | _aPublicación periódica (guía de restaurantes y hoteles) inventariada como libro por el Banco de México | ||
| 651 | 4 |
_aParis _vGuía semanal _920364 |
|
| 651 | 4 |
_aParis _vRestaurantes y hoteles _920365 |
|
| 700 | 1 |
_aChabannes, Jacques _edir. _920366 |
|
| 902 | _aGFM | ||
| 942 |
_2lcc _cB |
||
| 999 |
_c7837 _d7837 |
||